Marketingový komunikačný mix spoločnosti SWAM s.r.o bakalárska práca

Gespeichert in:
Bibliographische Detailangaben
1. Verfasser: Gužík, Martin
Körperschaft: Podnikovohospodárska fakulta EU so sídlom v Košiciach. Katedra obchodného podnikania
Weitere Verfasser: Weiss, Erik, 1979-
Format: Buch
Sprache:Slowakisch
Veröffentlicht: Košice 2023
Tags: Tag hinzufügen
Keine Tags, Fügen Sie das erste Tag hinzu!

MARC

LEADER 00000nbm a2200000 4500
001 0294453
005 20240619091832.5
041 0 |a slo 
044 |a SK 
245 1 0 |a Marketingový komunikačný mix spoločnosti SWAM s.r.o  |b bakalárska práca  |c Martin Gužík ; školiteľ: Erik Weiss 
264 1 |a Košice  |c 2023 
300 |a 55 s. 
100 1 |a Gužík, Martin 
700 1 |a Weiss, Erik, 1979- 
710 2 |a Podnikovohospodárska fakulta EU so sídlom v Košiciach. Katedra obchodného podnikania